[Event "AUTO-ELITE-1827"]
[Site "http://www.queenalice.com/game.php?id=1476073"]
[Date "2017.5.1"]
[Round "1"]
[White "colombHouse"]
[Black "neza"]
[Result "0-1"]
[WhiteElo "2522"]
[BlackElo "2252"]

1. e4 c5 2. Nf3 d6 3. Bb5+ Nd7 4. a4 Nf6 5. Nc3 g6 6. O-O Bg7 7. h3 O-O 8. d3 a6
9. Bc4 b6 10. Bf4 Nh5 11. Bg5 Bb7 12. Bd5 Bxc3 13. Bxb7 Ra7 14. bxc3 Rxb7 15. d4
Re8 16. Qd3 Qa8 17. d5 Kh8 18. Rab1 Nhf6 19. Rfe1 Ra7 0-1

[Event "AUTO-ELITE-1827"]
[Site "http://www.queenalice.com/game.php?id=1476074"]
[Date "2017.5.1"]
[Round "1"]
[White "neza"]
[Black "colombHouse"]
[Result "1-0"]
[WhiteElo "2272"]
[BlackElo "2509"]

1. e4 e6 2. d4 d5 3. Nd2 c5 4. Ngf3 Nc6 5. exd5 exd5 6. Bb5 cxd4 7. Nxd4 Qe7+ 8.
Qe2 Qxe2+ 9. Kxe2 Bd7 10. N2f3 Bd6 11. Re1 Nge7 12. Kf1 O-O 13. Nxc6 bxc6 14.
Ba4 Rab8 15. Ne5 Be6 16. b3 Rbc8 17. Bf4 Bb4 18. Re2 d4 19. Rd1 Nd5 20. Rxd4 1-0

[Event "AUTO-ELITE-1827"]
[Site "http://www.queenalice.com/game.php?id=1476077"]
[Date "2017.5.1"]
[Round "1"]
[White "Kuarwaki"]
[Black "neza"]
[Result "1-0"]
[WhiteElo "2663"]
[BlackElo "2226"]

1. d4 Nf6 2. c4 e6 3. Nc3 Bb4 4. e3 O-O 5. Bd3 d5 6. Nf3 c5 7. O-O cxd4 8. exd4
dxc4 9. Bxc4 b6 10. Qb3 Bxc3 11. bxc3 Bb7 12. Ba3 Re8 13. Bb5 Bc6 14. Be2 Nbd7
15. c4 Rc8 16. Rac1 Bb7 17. Rfd1 Qc7 18. Nd2 Qb8 19. Qe3 Nf8 20. f3 Ng6 21. g3
Qa8 22. Bb2 Qb8 23. Bf1 Bc6 24. Ne4 Nxe4 25. fxe4 Bb7 26. Bh3 Ba6 27. d5 Rc5 28.
Qc3 e5 29. Qb3 Bc8 30. Bf1 Rc7 31. c5 Bg4 32. c6 Bxd1 33. Rxd1 Rd8 34. h4 Qa8
35. h5 Nf8 36. Bxe5 Re7 37. Bb2 Qb8 38. Qa3 Rde8 39. d6 Rxe4 40. Qc3 Rg4 41. Bh3
Rg5 42. c7 Qb7 43. d7 Nxd7 44. Bxd7 Ra8 45. Bf5 1-0

[Event "AUTO-ELITE-1827"]
[Site "http://www.queenalice.com/game.php?id=1476078"]
[Date "2017.5.1"]
[Round "1"]
[White "neza"]
[Black "Kuarwaki"]
[Result "0-1"]
[WhiteElo "2227"]
[BlackElo "2662"]

1. e4 c5 2. Nf3 e6 3. d4 cxd4 4. Nxd4 Nf6 5. Nc3 Nc6 6. Nxc6 bxc6 7. e5 Nd5 8.
Ne4 Qc7 9. f4 Qb6 10. c4 Ne3 11. Qd3 Bb4+ 12. Bd2 O-O 13. Rc1 a5 14. a3 Bxd2+
15. Qxd2 Rb8 16. h4 h6 17. c5 Nxf1 18. cxb6 Nxd2 19. Kxd2 Rxb6 20. Kc2 f6 21.
exf6 gxf6 22. Nd6 Ba6 23. b3 f5 24. Rb1 Rfb8 25. Nc4 Bxc4 26. bxc4 Rxb1 27. Rxb1
Rxb1 28. Kxb1 Kf7 29. Kb2 Kg6 30. Kc2 Kh5 31. Kd3 c5 32. Kc3 a4 33. Kd2 Kxh4 34.
Ke2 Kg3 35. Kf1 Kxf4 36. Ke2 Ke4 37. Ke1 Ke3 38. g3 Kf3 39. Kf1 Kxg3 40. Ke1 f4
0-1

[Event "AUTO-MASTER-2524"]
[Site "http://www.queenalice.com/game.php?id=1481420"]
[Date "2017.6.7"]
[Round "2"]
[White "Sacapiece"]
[Black "neza"]
[Result "0-1"]
[WhiteElo "2284"]
[BlackElo "2298"]

1. e4 c5 2. Nf3 d6 3. d4 cxd4 4. Nxd4 Nf6 5. Nc3 a6 6. Bg5 e6 7. f4 Qc7 8. Qf3
b5 9. f5 b4 10. Ncb5 axb5 11. Bxb5+ Bd7 12. fxe6 Bxb5 13. Nxb5 Qc5 14. Bxf6 fxe6
15. Nd4 gxf6 16. Nxe6 Qc4 17. Qxf6 Nd7 18. Nc7+ Qxc7 19. Qxh8 Nc5 20. O-O Qg7
21. Rxf8+ Qxf8 22. Qxh7 O-O-O 23. Rf1 Qe8 24. Rf4 Qe5 25. Qf5+ Kc7 26. Qxe5 dxe5
27. Rg4 Rd1+ 28. Kf2 Rd2+ 29. Ke3 Rxc2 30. h4 Rxb2 31. h5 Rxa2 32. h6 b3 33. h7
b2 34. h8=Q Nd7 35. Qg8 b1=Q 36. Qc4+ Kb8 37. Rg8+ Ka7 38. Qc7+ Qb7 39. Rc8 Ra4
40. Qxb7+ Kxb7 41. Re8 Nf6 42. Re6 Rxe4+ 43. Kd3 Rd4+ 44. Ke3 Nd5+ 45. Kf3 Rf4+
46. Kg3 Re4 47. Kf3 Re3+ 48. Kf2 Kc7 49. Ra6 Re4 50. g3 Rb4 51. Re6 e4 0-1

[Event "AUTO-MASTER-2524"]
[Site "http://www.queenalice.com/game.php?id=1481421"]
[Date "2017.6.7"]
[Round "2"]
[White "neza"]
[Black "Sacapiece"]
[Result "1-0"]
[WhiteElo "2236"]
[BlackElo "2353"]

1. d4 Nf6 2. Bf4 e6 3. e3 c5 4. c3 d5 5. Nd2 cxd4 6. exd4 Nc6 7. Bb5 Bd6 8. Bxd6
Qxd6 9. Ngf3 O-O 10. O-O Bd7 11. Re1 Ne7 12. Bd3 Ng6 13. Ne5 Bc6 14. Qf3 Nd7 15.
Nxg6 hxg6 16. Re3 Rae8 17. Rae1 Qb8 18. Qd1 e5 19. dxe5 Nxe5 20. Bc2 Nc4 21.
Nxc4 dxc4 22. Be4 Bxe4 23. Rxe4 b5 24. h3 Qc8 25. Re7 Rxe7 26. Rxe7 Qc5 27. Qd7
a5 28. g3 b4 29. Re4 bxc3 30. bxc3 Qa3 31. Qd2 Qc5 32. Qd4 Qf5 33. Kg2 Rc8 34.
a4 f6 35. Re7 g5 36. Qa7 Qg6 37. Qxa5 g4 38. hxg4 Qxg4 39. Qd5+ Kh8 40. Re4 1-0

[Event "AUTO-MASTER-2524"]
[Site "http://www.queenalice.com/game.php?id=1481422"]
[Date "2017.6.7"]
[Round "2"]
[White "cerenzo72"]
[Black "neza"]
[Result "0-1"]
[WhiteElo "2177"]
[BlackElo "2225"]

1. b3 Nf6 2. Bb2 g6 3. e4 d6 4. Bxf6 exf6 5. Nc3 Nc6 6. Bb5 f5 7. exf5 Bxf5 8.
Qe2+ Qe7 9. Nd5 Qxe2+ 10. Nxe2 Bg7 11. c3 Kd7 12. O-O Be6 13. Nef4 Rhe8 14. d4
a6 15. Bxc6+ Kxc6 16. Nb4+ Kd7 17. d5 Bf5 18. Rac1 Bh6 19. g3 Bxf4 20. gxf4 Re2
21. Rfe1 Rxe1+ 22. Rxe1 a5 0-1

[Event "AUTO-MASTER-2524"]
[Site "http://www.queenalice.com/game.php?id=1481423"]
[Date "2017.6.7"]
[Round "2"]
[White "neza"]
[Black "cerenzo72"]
[Result "1-0"]
[WhiteElo "2291"]
[BlackElo "2141"]

1. e4 e6 2. d4 d5 3. Nd2 c5 4. Ngf3 Nf6 5. exd5 exd5 6. Bb5+ Bd7 7. Bxd7+ Nbxd7
8. O-O Be7 9. dxc5 Nxc5 10. Nd4 O-O 11. N2f3 Nfe4 12. Nf5 Bf6 13. Ne3 d4 14. Ng4
Ne6 15. Qd3 N4c5 16. Qf5 Be7 17. Rd1 g6 18. Nh6+ Kg7 19. Qe5+ Bf6 20. Qe2 Re8
21. Qc4 Rc8 22. c3 Re7 23. Ng4 d3 24. Bh6+ Kh8 25. Nxf6 b6 26. Qh4 Ng7 27. Bg5
h5 28. Nxh5 Nxh5 29. Bxe7 Qd7 30. g4 1-0

[Event "AUTO-ELITE-1908"]
[Site "http://www.queenalice.com/game.php?id=1506414"]
[Date "2017.12.1"]
[Round "1"]
[White "trompmaster"]
[Black "neza"]
[Result "0-1"]
[WhiteElo "2403"]
[BlackElo "2314"]

1. d4 Nf6 2. Bg5 d5 3. e3 g6 4. Bxf6 exf6 5. g3 c6 6. Bg2 Bd6 7. Ne2 Qe7 8. Nd2
h5 9. c4 dxc4 10. Nxc4 Bb4+ 11. Nd2 O-O 12. O-O Nd7 13. a3 Bd6 14. Re1 f5 15. e4
fxe4 16. Nxe4 Nf6 17. Nxd6 Qxd6 18. Qb3 a5 19. Nf4 a4 20. Qc4 Bf5 21. Rad1 Bg4
22. Rd2 Rfe8 23. Rxe8+ Rxe8 24. h3 Re1+ 25. Kh2 Ne4 26. Bxe4 Rxe4 27. hxg4 Rxf4
28. gxh5 Rh4+ 29. Kg1 Rxh5 30. Kg2 b5 31. Qc3 Qd7 32. Kf3 Qe6 33. Qe3 Qd7 34.
Qe4 Rd5 35. g4 c5 36. Ke3 b4 37. axb4 cxb4 38. f4 Ra5 39. f5 a3 40. bxa3 bxa3
41. Ra2 Qa4 42. Qd3 Qc6 43. Kf2 Qd6 44. Kg1 g5 45. Qe3 Qf4 46. Qxf4 gxf4 47. Kf2
f6 48. Kf3 Ra4 49. Kxf4 Rxd4+ 50. Kf3 Ra4 51. Kf2 Kf7 52. Kf3 Kg7 53. Kg3 Kf8
54. Kh4 Kf7 55. Kg3 Ke7 56. Kh4 Kf7 57. Kh5 Ra5 58. Kh6 Ra8 59. Kh7 Ra4 60. Kh6
Rxg4 61. Kh5 Ra4 0-1

[Event "AUTO-ELITE-1908"]
[Site "http://www.queenalice.com/game.php?id=1506415"]
[Date "2017.12.1"]
[Round "1"]
[White "neza"]
[Black "trompmaster"]
[Result "1-0"]
[WhiteElo "2310"]
[BlackElo "2328"]

1. e4 d6 2. d4 Nd7 3. Nf3 h6 4. Bd3 g5 5. Be3 Bg7 6. Nc3 c6 7. O-O Qc7 8. Re1
Nf8 9. h3 Ng6 10. e5 dxe5 11. Bxg6 fxg6 12. dxe5 Bd7 13. e6 Bxe6 14. Bd4 Rd8 15.
Rxe6 Bxd4 16. Nxd4 Qd7 17. Qd3 Qxd4 18. Qxg6+ Kf8 19. Rd1 Qxd1+ 20. Nxd1 Rxd1+
21. Kh2 Rd2 22. Qf5+ Nf6 23. Qc5 Nd5 24. c4 Rc2 25. Qd4 Kf7 26. cxd5 cxd5 27.
Re3 Rd8 28. Qe5 1-0

[Event "AUTO-ELITE-1908"]
[Site "http://www.queenalice.com/game.php?id=1506420"]
[Date "2017.12.1"]
[Round "1"]
[White "ArmandoFda"]
[Black "neza"]
[Result "1-0"]
[WhiteElo "2571"]
[BlackElo "2323"]

1. d4 d5 2. c4 c6 3. cxd5 cxd5 4. Nf3 Nf6 5. Bf4 Qb6 6. Qc2 Nc6 7. Nc3 Bg4 8.
Ne5 Nxd4 9. Qa4+ Nc6 10. e4 dxe4 11. Bb5 Rd8 12. Nc4 Qc5 13. Be3 Qh5 14. Na5 a6
15. Bxc6+ bxc6 16. Nxc6 Ra8 17. Ne5+ Nd7 18. Nxg4 Qxg4 19. Nd5 Rc8 20. O-O e6
21. Nb6 Rd8 22. Rfd1 e5 23. Rac1 Be7 24. Nxd7 Rxd7 25. h3 Qe6 26. Rc7 O-O 27.
Rdxd7 Bf6 28. Bc5 Rb8 29. Rxf7 Qxf7 30. Rxf7 Kxf7 31. Qc4+ Kg6 32. Qxe4+ Kf7 33.
Qd5+ Kg6 34. Qd3+ Kf7 35. b4 Rd8 36. Qxa6 Kg6 37. Qe2 Kh6 38. b5 g6 39. Qf3 Kg7
40. a4 Re8 41. Qb7+ Kg8 42. Qd5+ Kg7 43. Qd7+ Re7 44. Bxe7 1-0

[Event "AUTO-ELITE-1908"]
[Site "http://www.queenalice.com/game.php?id=1506421"]
[Date "2017.12.1"]
[Round "1"]
[White "neza"]
[Black "ArmandoFda"]
[Result "0-1"]
[WhiteElo "2318"]
[BlackElo "2592"]

1. e4 e6 2. d4 d5 3. exd5 exd5 4. Nf3 Nf6 5. Bd3 Bd6 6. Qe2+ Be7 7. O-O O-O 8.
Re1 Re8 9. Bg5 Be6 10. Nbd2 Nbd7 11. Ne5 c5 12. Bxf6 Nxf6 13. Bb5 Rf8 14. dxc5
Bxc5 15. Rab1 Qc7 16. Rbc1 a6 17. Bd3 Rae8 18. Ndf3 b5 19. Qd2 Bc8 20. Re2 Ne4
21. Bxe4 dxe4 22. Rxe4 f6 23. Qd5+ Be6 24. Qc6 Qc8 25. Qxc8 Bxc8 26. Nd3 Rxe4
27. Nxc5 Rc4 28. Nb3 Rd8 29. h3 Bf5 30. c3 b4 31. Nbd2 Rc7 32. c4 Rcd7 33. Nb3
Rd1+ 34. Rxd1 Rxd1+ 35. Kh2 Bb1 36. a4 Ba2 37. Nbd2 Rc1 38. a5 Bxc4 39. h4 Bd5
40. Nd4 Rd1 41. N4b3 Kf7 42. h5 f5 43. f3 Bxb3 44. Nxb3 Rb1 45. Nc5 Rxb2 46. Kh3
Ra2 47. Kg3 Rxa5 48. Nd3 b3 49. Kf4 Ra2 50. g3 b2 51. Nxb2 Rxb2 52. Kxf5 a5 53.
Ke4 a4 54. f4 a3 55. Kd3 a2 56. Kc3 a1=Q 0-1

[Event "AUTO-ELITE-1972"]
[Site "http://www.queenalice.com/game.php?id=1540631"]
[Date "2018.8.30"]
[Round "2"]
[White "ichtus"]
[Black "neza"]
[Result "1-0"]
[WhiteElo "2673"]
[BlackElo "2348"]

1. Nf3 d5 2. g3 Nf6 3. Bg2 c6 4. O-O Nbd7 5. d4 g6 6. Nbd2 Bg7 7. c4 a5 8. b3 a4
9. Bb2 O-O 10. Re1 dxc4 11. bxc4 e5 12. dxe5 Ng4 13. Ba3 Re8 14. Ne4 Ndxe5 15.
Nd6 Re6 16. Rc1 h6 17. Nxe5 Rxe5 18. c5 Qf6 19. Bf3 Rd5 20. Qc2 Bd7 21. h3 Ne5
22. Bg2 Be6 23. Bxd5 cxd5 24. Bb2 Bxh3 25. f4 Nf3+ 26. exf3 Qxb2 27. Qxb2 Bxb2
28. Rc2 a3 29. Nxb7 d4 30. g4 Bc3 31. Rd1 h5 32. Kh2 hxg4 33. Nd6 Ba5 34. Kg3 f5
35. c6 Bc7 36. Nb5 Ba5 37. Nxd4 g5 38. c7 gxf4+ 39. Kxf4 Rc8 40. Ne6 Bb4 41.
Rd8+ 1-0

[Event "AUTO-ELITE-1972"]
[Site "http://www.queenalice.com/game.php?id=1540632"]
[Date "2018.8.30"]
[Round "2"]
[White "neza"]
[Black "ichtus"]
[Result "0-1"]
[WhiteElo "2346"]
[BlackElo "2705"]

1. e4 c5 2. Nf3 d6 3. d4 cxd4 4. Nxd4 Nf6 5. Nc3 e6 6. Be3 a6 7. f3 Nbd7 8. g4
h6 9. Rg1 b5 10. a4 b4 11. Nc6 Qc7 12. Nxb4 d5 13. Nd3 dxe4 14. fxe4 Bb7 15. h3
Nxe4 16. Nxe4 Bxe4 17. Bg2 Bxg2 18. Rxg2 Qc6 19. Kf2 Rd8 20. Kg1 Ne5 21. a5 Nf3+
22. Kf1 h5 23. g5 Nh4 24. Rg1 Be7 25. b3 Rd5 26. Ra4 Ng6 27. Rc4 Qb7 28. Rg2
Rxa5 29. h4 O-O 30. Bf2 Rc8 31. Rxc8+ Qxc8 32. Rh2 Bd6 33. Rg2 Qc6 34. Kg1 Rf5
35. Be1 Rf3 36. b4 Rh3 37. Qd2 Bc7 38. Bf2 Nxh4 39. Bxh4 Rxh4 40. Nf2 g6 41. c3
Rc4 42. Nd1 Bb6+ 43. Nf2 Rxc3 44. Kh2 Rc2 45. Qe1 Qf3 46. Qd1 Rxf2 47. Qxf3 Rxf3
48. Rb2 Rf2+ 49. Rxf2 Bxf2 50. Kg2 Be1 51. Kf3 Bxb4 52. Ke3 a5 53. Ke4 a4 54.
Kd3 a3 55. Kc4 a2 56. Kxb4 a1=Q 0-1

[Event "AUTO-ELITE-2118"]
[Site "http://www.queenalice.com/game.php?id=1571148"]
[Date "2019.5.16"]
[Round "1"]
[White "gega"]
[Black "neza"]
[Result "0-1"]
[WhiteElo "2287"]
[BlackElo "2345"]

1. e4 d5 2. exd5 Nf6 3. Bb5+ Bd7 4. Bc4 Bg4 5. f3 Bf5 6. Nc3 Nbd7 7. Qe2 Nb6 8.
Bb3 Qd7 9. d6 cxd6 10. a4 Qc6 11. a5 Nbd7 12. f4 Bg4 13. Nf3 Bxf3 14. Qxf3 Qxf3
15. gxf3 Nc5 16. Bc4 g6 17. O-O Bg7 18. d4 Ne6 19. a6 bxa6 0-1

[Event "AUTO-ELITE-2118"]
[Site "http://www.queenalice.com/game.php?id=1571149"]
[Date "2019.5.16"]
[Round "1"]
[White "neza"]
[Black "gega"]
[Result "1-0"]
[WhiteElo "2355"]
[BlackElo "2277"]

1. e4 e5 2. c3 Nf6 3. d4 Nxe4 4. Nd2 Nxd2 5. Bxd2 exd4 6. cxd4 Nc6 7. Nf3 d5 8.
Bb5 Bd6 9. O-O O-O 10. Bg5 f6 11. Bd2 Qe8 12. Re1 Qh5 13. h3 Bd7 14. Rc1 a6 15.
Be2 Qf7 16. Bd3 a5 17. a3 a4 18. Qc2 Qh5 19. Be2 Rfd8 20. Ng5 1-0